Implementation under strong equilibrium. A complete characterization.

Úplná charakteristika triedy korešpondencií sociálneho výberu, ktoré sú implementovateľné pri silnej Nashovej rovnováhe. Na rozdiel od starších prác sa namiesto funkcií efektivity používa variant hry v kontexte s Nashovou implementáciou.

Enregistré dans:
Détails bibliographiques
Auteur principal: Dutta, B.
Autres auteurs: Sen, A.
Format: Chapitre de livre
Langue:anglais
Sujets:
Tags: Ajouter un tag
Pas de tags, Soyez le premier à ajouter un tag!

MARC

LEADER 00000naa a2200000 4500
001 r006908
005 20221130103456.9
041 0 |a eng 
044 |a NL 
245 1 0 |a Implementation under strong equilibrium.  |b A complete characterization.  |c B. Dutta, A. Sen 
520 |a Úplná charakteristika triedy korešpondencií sociálneho výberu, ktoré sú implementovateľné pri silnej Nashovej rovnováhe. Na rozdiel od starších prác sa namiesto funkcií efektivity používa variant hry v kontexte s Nashovou implementáciou. 
610 2 0 |a metódy ekonomicko-matematické 
610 2 0 |a rovnováha hospodárska 
610 2 0 |a systémy sociálno-ekonomické 
610 2 0 |a hry ekonomické 
100 1 |a Dutta, B. 
700 1 |a Sen, A.